Statistics for Books of the Bible

Click here to take the quiz!

General Stats

  • This quiz has been taken 325 times
  • The average score is 46 of 66

Answer Stats

HintAnswer% Correct
1Genesis
100%
621 John
98%
632 John
98%
643 John
98%
2Exodus
98%
43John
98%
4Numbers
95%
42Luke
92%
41Mark
92%
40Matthew
92%
3Leviticus
91%
19Psalms
90%
66Revelation
88%
8Ruth
88%
5Deuteronomy
86%
111 Kings
85%
122 Kings
84%
6Joshua
81%
91 Samuel
79%
102 Samuel
79%
18Job
79%
7Judges
78%
461 Corinthians
76%
472 Corinthians
76%
45Romans
76%
44Acts
75%
17Esther
75%
20Proverbs
75%
22Song of solomon
70%
131 Chronicles
69%
142 Chronicles
68%
27Daniel
68%
23Isaiah
68%
65Jude
68%
601 Peter
64%
612 Peter
64%
16Nehemia
64%
541 Timothy
62%
552 Timothy
62%
49Ephesians
62%
26Ezekiel
62%
24Jeremiah
62%
15Ezra
61%
521 Thessalonians
58%
48Galatians
58%
59James
58%
32Jonah
58%
39Malachi
58%
532 Thessalonians
57%
50Philippians
57%
51Colossians
56%
58Hebrews
56%
21Ecclesiastes
55%
38Zechariah
55%
56Titus
54%
25Lamentations
53%
35Habakkuk
51%
30Amos
50%
29Joel
50%
31Obadiah
50%
28Hosea
49%
33Micah
49%
37Haggai
46%
57Philemon
46%
36Zephaniah
45%
34Nahum
42%

Score Distribution

Percentile by Number Answered

Percent of People with Each Score

Your Score History

You have not taken this quiz